Derecho de sucesiones Contestaciones al Programa de Oposiciones a Notarias /

Detalles Bibliográficos
Autor principal: Espinosa Infante, Jos ̌Miguel
Formato: eBook
Lenguaje:español
Publicado: Madrid : Dykinson, 2005
Materias:
Acceso en línea:Accesor estringido

MARC

LEADER 00000nam a22000007a 4500
005 20141107120750.0
007 cr|||| ||||
008 141107s2005 sp |||||s|||| 00||0 spa d
020 |a 84-8493-012-2 
035 |a 4830 
040 |a vLex 
090 |c 5278  |d 5278 
100 1 |a Espinosa Infante, Jos ̌Miguel 
245 1 0 |a Derecho de sucesiones  |h [Recurso electrn̤ico] :  |b Contestaciones al Programa de Oposiciones a Notarias /  |c Jos ̌Miguel Espinosa Infante 
256 |a Servicio en ln̕ea 
260 |a Madrid :  |b Dykinson,  |c 2005 
300 |a 1 recurso electrn̤ico 
500 |a Totalmente actualizado a las Leyes 15/2005, de 8 de julio, por la que se modifican el Cd̤igo Civil y la Ley de Enjuiciamiento Civil en materia de separacin̤ y divorcio, y 13/2005, por la que se modifica el Cd̤igo Civil en materia de derecho a contraer matrimonio.  
650 0 4 |a Herencia y sucesiones  |z Espaą 
740 0 |a vLex Libros (Servicio en ln̕ea) 
856 4 0 |u http://vlex.com/source/derecho-sucesiones-contestaciones-programa-oposiciones-notarias-4830  |z Accesor estringido 
942 |c BOOK 
999 0 |a Inheritance and succession